Statistics for Louisiana Purchase with a Map

Click here to take the quiz!

General Stats

  • This quiz has been taken 30,273 times
  • The average score is 15 of 17

Answers on the Map

Answers color-coded by a green-red scale on the quiz's map according to % correct below.
 

Answer Stats

Answer% Correct
Louisiana
98%
Texas
98%
New Mexico
96%
North Dakota
96%
Oklahoma
96%
South Dakota
96%
Arkansas
95%
Colorado
95%
Kansas
95%
Montana
95%
Missouri
93%
Nebraska
93%
Wyoming
93%
Iowa
92%
Minnesota
89%
Alberta
69%
Saskatchewan
59%

Score Distribution

Percentile by Number Answered

Percent of People with Each Score

Your Score History

You have not taken this quiz